ბათუმის შოთა რუსთაველის სახელმწიფო უნივერსიტეტის ბიბლიოთეკა

ესკიზები XX საუკუნის გერმანულენოვან პოეზიაზე : (ბიბ.ჩანაწერი № 55675)

000 -ლიდერი
ფიქსირებული სიგრძის საკონტროლო ველი 01933nam a2200337Ia 4500
001 - საკონტროლო ნომერი
საკონტროლო ველი 22770
003 - საკონტროლო ნომრის იდენტიფიკატორი
საკონტროლო ველი GE_BSU
005 - ბოლო ოპერაციის თარიღი და დრო
საკონტროლო ველი 20230505125921.0
008 - ფიქსირებული სიგრძის მონაცემთა ელემენტები - ზოგადი ინფორმაცია
ფიქსირებული სიგრძის საკონტროლო ველი 181216s ||||ge |||||||||||||| ||geo||
020 ## - წიგნის საერთაშორისო სტანდარტული ნომერი
International Standard Book Number 9789941075278
040 ## - კატალოგიზაციის წყარო
Transcribing agency GE_BSU
041 ## - ენის კოდი
Language code of text/sound track or separate title geo
080 ## - უნივერსალური ათობითი კლასიფიკაციის ინდექსი
Universal Decimal Classification number 821.112.2(436)(092) ბ-32
100 ## - მთავარი ჩანაწერი - პიროვნების სახელი
Personal name ბარბაქაძე, დათო
9 (RLIN) 17995
245 ## - ცნობა სათაურის შესახებ
Title ესკიზები XX საუკუნის გერმანულენოვან პოეზიაზე :
Remainder of title ჰუგო ფონ ჰოფმანსთალი, რიხარდ ფონ შაუკალი, ანტონ ვილდგანსი, ალბერტ ერენშტაინი, ფელიქს ბრაუნი, ფრანც ვერფელი, ქრისტინე ბუსტა, ერნსტ მაისტერი /
Statement of responsibility, etc დათო ბარბაქაძე.
250 ## - გამოცემის ცნობა
Edition statement I გამოცემა
264 ## - წარმოების, გამოცემის, დისტრიბუციის და სხვა ცნობები
გამოცემის, წარმოების, დისტრიბუციის... ადგილი თბილისი :
გამოცემის, წარმოების, დისტრიბუციის... სახელწოდება მერწყული,
გამოცემის, წარმოების, დისტრიბუციის... თარიღი 2015.
300 ## - ფიზიკური აღწერა
Extent 165 გვ. ;
Dimensions 22 სმ.
500 ## - ზოგადი შენიშვნა
General note პარალელური სათაური გერმანული ენაზე
520 ## - SUMMARY, ETC.
Summary, etc პარალ.სათ. გერმ. ენ.
653 ## - INDEX TERM--UNCONTROLLED
Uncontrolled term ავსტრიელი მწერლები
653 ## - INDEX TERM--UNCONTROLLED
Uncontrolled term ავსტრიული პოეზიის ისტორია და კრიტიკა
653 ## - INDEX TERM--UNCONTROLLED
Uncontrolled term ესკიზები XX საუკუნის გერმანულენოვან პოეზიაზე
653 ## - INDEX TERM--UNCONTROLLED
Uncontrolled term ჰუგო ფონ ჰოფმანსთალი
653 ## - INDEX TERM--UNCONTROLLED
Uncontrolled term რიხარდ ფონ შაუკალი
653 ## - INDEX TERM--UNCONTROLLED
Uncontrolled term ფრანც ვერფელი
653 ## - INDEX TERM--UNCONTROLLED
Uncontrolled term ქრისტინე ბუსტა
653 ## - INDEX TERM--UNCONTROLLED
Uncontrolled term ერნსტ მაისტერი
942 ## - ADDED ENTRY ELEMENTS (KOHA)
Koha item type წიგნი
Source of classification or shelving scheme
ეგზემპლარები
ჩამოწერის სტატუსი დაკარგული ეგზემპლარის სტატუსი კლასიფიკაციის წყარო ან თაროზე გაწყობის სქემა დაზიანების სტატუსი არ გაიცემა მუდმივი მდებარეობა (დაცვის ადგილი) ამჟამინდელი ადგილსამყოფელი თაროზე განთავსების ადგილი შეძენის თარიღი ღირებულება, შესყიდვის ნორმალური ფასი სრული შენახვის შიფრი შტრიხკოდი ბოლო ოპერაციის თარიღი ეგზემპლარის მიმდევრობითი ნომერი (კეტერი?) ფასის ძალაში შესვლის თარიღი ეგზემპლარის სახეობა საჯარო შენიშვნა
          ბათუმის შოთა რუსთაველის სახელმწიფო უნივერსიტეტის მთავარი ბიბლიოთეკა ბათუმის შოთა რუსთაველის სახელმწიფო უნივერსიტეტის მთავარი ბიბლიოთეკა წიგნსაცავი 2018-12-17 5.00 821.112.2(436)(092) ბ-32 58245 2018-12-17 58245 2018-12-17 წიგნი 5.00 ₾.